Drafting Pleading And Conveyancing/ (Record no. 180108)
[ view plain ]
| 000 -LEADER | |
|---|---|
| fixed length control field | 00624nam a22001937a 4500 |
| 005 - DATE AND TIME OF LATEST TRANSACTION | |
| control field | 20210726114118.0 |
| 010 ## - LCCN (DPL NO) | |
| LC control number | ENG-129635 |
| 020 ## - INTERNATIONAL STANDARD BOOK NUMBER | |
| International Standard Book Number | 978-93-8999-129-1 |
| Terms of availability | 650.00 |
| 035 ## - SYSTEM CONTROL NUMBER | |
| System control number | EN-113167 |
| 037 ## - SOURCE OF ACQUISITION | |
| Source of stock number/acquisition | DBAD/PUB |
| 082 ## - DEWEY DECIMAL CLASSIFICATION NUMBER | |
| Classification number | 346.540438 |
| 100 ## - MAIN ENTRY--PERSONAL NAME | |
| Personal name | Medha Kolhatkar |
| 245 ## - TITLE STATEMENT | |
| Title | Drafting Pleading And Conveyancing/ |
| Statement of responsibility, etc | By Medha Kolhatkar |
| 250 ## - EDITION STATEMENT | |
| Edition statement | 2nd |
| 260 ## - PUBLICATION, DISTRIBUTION, ETC. (IMPRINT) | |
| Place of publication, distribution, etc | Gurgaon |
| Name of publisher, distributor, etc | Lexis Nexis |
| Date of publication, distribution, etc | 2020 |
| 270 ## - ADDRESS | |
| Address | 14th floor, Building No 10, Tower- B, DLF Cyber City, Phase-II, Gurgaon |
| City | Haryana |
| Postal code | 122002 |
| Electronic mail address | help.in@lexisnexis.com |
| 300 ## - PHYSICAL DESCRIPTION | |
| Extent | 585p; |
| Dimensions | 24cm(pbk) |
| 942 ## - ADDED ENTRY ELEMENTS (KOHA) | |
| Source of classification or shelving scheme | Dewey Decimal Classification |
| Item type | English Books |
| Classification part | 346.540438 |
| Call number suffix | KOL |
| Withdrawn status | Lost status | Not for loan | Collection code | Home library | Current library | Date acquired | Source of acquisition | Cost, normal purchase price | Full call number | Barcode | Copy number | Cost, replacement price | Koha item type |
|---|---|---|---|---|---|---|---|---|---|---|---|---|---|
| Non-fiction | Central Library | Central Library | 26/07/2021 | DBAD/PUB | 650.00 | 346.540438 KOL | EN-113167 | 1 | 650.00 | English Books |
